| 000 | 00727nam a22001937a 4500 | ||
|---|---|---|---|
| 005 | 20240312125949.0 | ||
| 010 | _aENG-139525 ENG-139526 | ||
| 020 |
_c330.00 _a9789354094064 |
||
| 035 | _aEN-123057 EN-123058 | ||
| 037 | _bDBAD/PUB | ||
| 082 | _a954 | ||
| 245 |
_aINDIA 2022/ _cEdited by Roma Chatterjee and Ajeet Singh Meena |
||
| 260 |
_a New Delhi _bDirecter General Publications Division _c2022 |
||
| 270 |
_b NewDelhi _aMinistry of Information and Broadcasting Government of India Soochna Bhawan, CGO Complex, Lodhi Road _e110003 |
||
| 300 |
_a944p. _c24cm(pbk) |
||
| 700 |
_aChatterjee, Roma _eEditor _963144 |
||
| 700 |
_aMeena, Ajeet Singh _eEditor _963145 |
||
| 942 |
_2ddc _cEN _h954 _mIND _e2022 |
||
| 999 |
_c201197 _d201197 |
||